000 00936nam a2200229Ia 4500
003 Ost
005 20260507075640.0
008 260507s9999||||xx |||||||||||||| ||und||
020 _a3202119957
040 _cfsecg
041 _aara
082 _a658.81
100 _aالصيرفي، محمد
_eمؤلف
245 0 _aالبيع الشخصي :
_bدراسة للمهارات الواجب توافرها في رجل البيع /
_c محمد الصيرفي
250 _aطبعة 2
260 _aعمان:
_bدار وائل للنشر والتوزيع,
_c2002
300 _a311 صفحة؛
_bإيضاحات ؛
_c24 سم
504 _aالمراجع ص.307
520 _aالعملية البيعية ، البيع الشخصي ، التعامل الإنساني، المعلومات البيعية، خطوات العمل البيعي،العملاء، تدريبات عملية
653 _aالمبيعات
942 _cكتاب
999 _c45397
_d45397